| 000 | 01032nam a2200229Ia 4500 | ||
|---|---|---|---|
| 003 | Ost | ||
| 005 | 20260507075352.0 | ||
| 008 | 260507s9999||||xx |||||||||||||| ||und|| | ||
| 020 | _a709957978 | ||
| 040 | _cfsecg | ||
| 041 | _aara | ||
| 082 | _a330 | ||
| 100 |
_aالخطيب، أحمد _eمؤلف |
||
| 245 | 0 |
_aالإعتماد وضبط الجودة في الجامعات العربية : _bأنموذج مقترح / _c أحمد الخطيب |
|
| 260 |
_aاربد: _bعالم الكتب الحديث, _c2010 |
||
| 300 |
_a334 صفحة؛ _bإيضاحات ؛ _c24 سم |
||
| 520 | _aمشكلة الدراسة وأهميتها- الأدبيات والمعايير والتجارب العالمية والعربية- الطريقة والإجراءات- نتائج البحث- مناقشة النتائج والإستنتاجات والتوصيات | ||
| 653 | _aالإعتمادات | ||
| 653 | _aالجودة- الجامعات العربية | ||
| 700 |
_aالخطيب، رداح _eمؤلف ثانوي |
||
| 942 | _cكتاب | ||
| 999 |
_c44148 _d44148 |
||